<?xml version="1.0" encoding="UTF-8"?><?xml-stylesheet type="text/xsl" href="static/style.xsl"?><OAI-PMH xmlns="http://www.openarchives.org/OAI/2.0/" xmlns:xsi="http://www.w3.org/2001/XMLSchema-instance" xsi:schemaLocation="http://www.openarchives.org/OAI/2.0/ http://www.openarchives.org/OAI/2.0/OAI-PMH.xsd"><responseDate>2026-05-11T17:16:17Z</responseDate><request verb="GetRecord" identifier="oai:riubu.ubu.es:10259/8378" metadataPrefix="marc">https://riubu.ubu.es/oai/request</request><GetRecord><record><header><identifier>oai:riubu.ubu.es:10259/8378</identifier><datestamp>2024-01-18T01:05:25Z</datestamp><setSpec>com_10259_4415</setSpec><setSpec>com_10259_3989</setSpec><setSpec>com_10259.4_106</setSpec><setSpec>com_10259_2604</setSpec><setSpec>col_10259_4416</setSpec></header><metadata><record xmlns="http://www.loc.gov/MARC21/slim" xmlns:doc="http://www.lyncode.com/xoai" xmlns:xsi="http://www.w3.org/2001/XMLSchema-instance" xmlns:dcterms="http://purl.org/dc/terms/" xsi:schemaLocation="http://www.loc.gov/MARC21/slim http://www.loc.gov/standards/marcxml/schema/MARC21slim.xsd">
<leader>00925njm 22002777a 4500</leader>
<datafield tag="042" ind1=" " ind2=" ">
<subfield code="a">dc</subfield>
</datafield>
<datafield tag="720" ind1=" " ind2=" ">
<subfield code="a">Cubo Delgado, Esther</subfield>
<subfield code="e">author</subfield>
</datafield>
<datafield tag="720" ind1=" " ind2=" ">
<subfield code="a">Sáez Velasco, Sara</subfield>
<subfield code="e">author</subfield>
</datafield>
<datafield tag="720" ind1=" " ind2=" ">
<subfield code="a">Delgado Benito, Vanesa</subfield>
<subfield code="e">author</subfield>
</datafield>
<datafield tag="720" ind1=" " ind2=" ">
<subfield code="a">Ausín Villaverde, Vanesa</subfield>
<subfield code="e">author</subfield>
</datafield>
<datafield tag="720" ind1=" " ind2=" ">
<subfield code="a">Trejo Gabriel y Galán, José Mª</subfield>
<subfield code="e">author</subfield>
</datafield>
<datafield tag="720" ind1=" " ind2=" ">
<subfield code="a">Martín Santidrián, Asunción</subfield>
<subfield code="e">author</subfield>
</datafield>
<datafield tag="720" ind1=" " ind2=" ">
<subfield code="a">Macarrón Vicente, Jesus</subfield>
<subfield code="e">author</subfield>
</datafield>
<datafield tag="720" ind1=" " ind2=" ">
<subfield code="a">Cordero Guevara, José</subfield>
<subfield code="e">author</subfield>
</datafield>
<datafield tag="720" ind1=" " ind2=" ">
<subfield code="a">Louis, Elan D.</subfield>
<subfield code="e">author</subfield>
</datafield>
<datafield tag="720" ind1=" " ind2=" ">
<subfield code="a">Benito-León, Julián</subfield>
<subfield code="e">author</subfield>
</datafield>
<datafield tag="260" ind1=" " ind2=" ">
<subfield code="c">2011</subfield>
</datafield>
<datafield tag="520" ind1=" " ind2=" ">
<subfield code="a">Background:&#xd;
The main purpose was to validate a multistage protocol to screen tic disorders in mainstream and special education centers and to investigate whether telephone-based interviews were accurate to diagnose tic disorders when compared with in-person neurological interviews.&#xd;
&#xd;
Methods:&#xd;
A school-based survey of children and adolescents (6–16 years). A proxy report questionnaire for tic disorders was completed by teachers, observers, and parents. The diagnosis was confirmed by the neurologist based on the Diagnostic and Statistical Manual of Mental disorders (DSM-IV TR) criteria. The sensitivity, specificity, positive and negative predictive values, the likelihood ratio for a positive result (LR+), and the Kappa coefficients (k) for telephone-based interviews reliability were calculated.&#xd;
&#xd;
Results:&#xd;
One hundred twenty subjects, 57 from special education center and 63 from a mainstream school were studied. The sensitivity of the proxy report questionnaire was 58% and 36% when completed by the observers (mainstream and special education center, respectively), 40 and 73% when completed by the teachers, and 58 and 36% when completed by the parents. Using any of these 3 screening sources, the sensitivity was 92%, the positive predictive value was 38%, and negative predictive value was 97% (mainstream schools), whereas the sensitivity was 82%, the positive predictive value was 20%, and negative predictive value was 82% (special education centers). Parents (mainstream schools) and teachers (special education center) produced the highest LR+ (7.25 and 1.26, respectively) and the intraobserver reliability of the telephone-based interviews versus in-person neurological interviews gave a k coefficient of 0.83.&#xd;
&#xd;
Conclusions:&#xd;
The efficiency of different screening instruments for tic disorders seems to vary in different settings. Telephone-based interviews may be a valid and convenient backup to ascertain the diagnosis of tic disorders when face-to-face neurological examination is not possible.</subfield>
</datafield>
<datafield tag="024" ind2=" " ind1="8">
<subfield code="a">0885-3185</subfield>
</datafield>
<datafield tag="024" ind2=" " ind1="8">
<subfield code="a">http://hdl.handle.net/10259/8378</subfield>
</datafield>
<datafield tag="024" ind2=" " ind1="8">
<subfield code="a">10.1002/mds.23460</subfield>
</datafield>
<datafield tag="024" ind2=" " ind1="8">
<subfield code="a">1531-8257</subfield>
</datafield>
<datafield ind1=" " ind2=" " tag="653">
<subfield code="a">Tics</subfield>
</datafield>
<datafield ind1=" " ind2=" " tag="653">
<subfield code="a">Screening</subfield>
</datafield>
<datafield ind1=" " ind2=" " tag="653">
<subfield code="a">Telephone-based interview</subfield>
</datafield>
<datafield ind1=" " ind2=" " tag="653">
<subfield code="a">School samples</subfield>
</datafield>
<datafield tag="245" ind1="0" ind2="0">
<subfield code="a">Validation of screening instruments for neuroepidemiological surveys of tic disorders</subfield>
</datafield>
</record></metadata></record></GetRecord></OAI-PMH>